00711nam a2200205Ia 4500952015700000999001700157003000400174005001700178008004100195020001800236040000900254082001800263100003800281245005400319250001200373260004900385300000900434650002000443942004200463 00102ddc40708ISLAMaMESbMEScISLd2019-02-20g40.00l1m3o297.61 KAR/Up31239q2026-05-25r2026-03-30 13:16:42s2026-03-30w2019-02-20yBKzGL46R3 c22719d22719OSt20200206132556.0190216s9999||||xx |||||||||||||| ||und|| a9788182710054 coclc a297.61bKAR/U a Karakunnu, Sheikh Mohammed91839 0aUmarubnu Abdil Azeez /cSheikh Mohammed Karakunnu a4th ed. bIslamic Publishing House,c2004.aKozhikode: a182p aIslamic History cBK2ddch297.61iKAR/Uk297.61mKAR/U